Historia de la filosofía Siglo XXI : la filosofía alemana, de Leibniz a Hegel /

Colección de estudios de historia de la filosofía bajo la dirección e Brice Parain los primeros cuatro volúmenes, y luego bajo Yvon Belaval, el resto de los once que la componen. La labor de razonar es tan antigua como el hombre, pero los maneras propias de llevarla a cabo y de comunicarla son espec...

Полное описание

Сохранить в:
Библиографические подробности
Главный автор: Belaval, Yvon (autor)
Формат:
Язык:испанский
Опубликовано: México : Siglo XXI, 1977, c1977
Серии:(Historia de la Filosofía Siglo XXI ; 7)
Предметы:
Метки: Добавить метку
Нет меток, Требуется 1-ая метка записи!

MARC

LEADER 00000nam^a2200000^a^4500
001 000069054
005 20250521000000.0
009 20260310091350.63
037 |a Acervo ITESO - Biblioteca 
041 |a ESP 
082 |a 140. 9  |b SIG V. 7 
100 |a Belaval, Yvon  |e (autor) 
240 1 1 |a [Historia de la filosofía Siglo XXI] 
245 1 0 |a Historia de la filosofía Siglo XXI :  |b la filosofía alemana, de Leibniz a Hegel /  |c Y. Belaval... [et al.] ; dir. de la serie de Y. Belaval ; tr. por José María Artola Barrenechea, José Antonio García Junceda, Isidro Gómez Romero, Joaquín Sanz Guijarro, Pablo Velasco Martínez. 
264 4 |a México :  |b Siglo XXI,  |c 1977, c1977 
300 |a VIII, 459 p. 
336 |a texto  |b txt  |2 rdacontenido 
337 |a sin mediación  |b n  |2 rdamedio 
338 |a volumen  |b nc  |2 rdasoporte 
440 1 |a (Historia de la Filosofía Siglo XXI ;  |v 7) 
500 |a Traducción de: Histoire de la Philosophie 2. Encyclopédie de la Pléiade 
520 |a Colección de estudios de historia de la filosofía bajo la dirección e Brice Parain los primeros cuatro volúmenes, y luego bajo Yvon Belaval, el resto de los once que la componen. La labor de razonar es tan antigua como el hombre, pero los maneras propias de llevarla a cabo y de comunicarla son específicas de cada cultura, grupo, movimiento, ideología, etc. En esta obra se hace un recorrido más o menos cronológico de la actividad filosófica poniendo atención en los principales actores y también en las corrientes de pensamiento que se fueron originando y en las que dichos actores se pueden clasificar. 
649 |a XX 
650 |a Filósofos Alemanes -  |x Biografías 
650 |a Filosofía Alemana -  |x Historia y Crítica -  |x Tema Principal 
650 |a Filosofía -  |x Historia y Crítica -  |x Tema Principal 
650 |a Leibniz, Gottfried Wilhelm 
650 |a Kant, Immanuel 
650 |a Fichte, Johann Gottlieb 
650 |a Schelling, Friedrich W.J. 
600 |a Hegel, Friedrich 
910 |a Fondo Armando Suárez Gómez 
920 |a Impresos - Libros 
930 |a Fondos Especiales 
905 |a 111 
901 |a 0700000644  |b IT2  |c ESP  |u 20250521 
902 |a https://opac.biblio.iteso.mx/vufind/Record/000069054